Statistics : (Record no. 30916)
[ view plain ]
| 000 -LEADER | |
|---|---|
| fixed length control field | 02050cam a22003858i 4500 |
| 001 - CONTROL NUMBER | |
| control field | 21345339 |
| 003 - CONTROL NUMBER IDENTIFIER | |
| control field | EG-ScBUE |
| 005 - DATE AND TIME OF LATEST TRANSACTION | |
| control field | 20250224093123.0 |
| 008 - FIXED-LENGTH DATA ELEMENTS--GENERAL INFORMATION | |
| fixed length control field | 191226t2023 maua f 001 0 eng d |
| 020 ## - INTERNATIONAL STANDARD BOOK NUMBER | |
| International Standard Book Number | 9781292444765 |
| 020 ## - INTERNATIONAL STANDARD BOOK NUMBER | |
| International Standard Book Number | 1292444762 |
| 040 ## - CATALOGING SOURCE | |
| Original cataloging agency | DLC |
| Language of cataloging | eng |
| Description conventions | rda |
| Transcribing agency | DLC |
| Modifying agency | EG-ScBUE |
| 082 04 - DEWEY DECIMAL CLASSIFICATION NUMBER | |
| Classification number | 519.5 |
| Edition number | 22 |
| Item number | AGR |
| 100 1# - MAIN ENTRY--PERSONAL NAME | |
| Personal name | Agresti, Alan, |
| Relator term | author. |
| 245 14 - TITLE STATEMENT | |
| Title | Statistics : |
| Remainder of title | the art and science of learning from data / |
| Statement of responsibility, etc | Alan Agresti, University of Florida, Christine Franklin, University of Georgia, Bernhard Klingenberg, Williams College and New College of Florida. |
| 250 ## - EDITION STATEMENT | |
| Edition statement | Fifth edition. |
| 250 ## - EDITION STATEMENT | |
| Edition statement | Global edition. |
| 264 #1 - PUBLICATION, DISTRIBUTION, ETC. (IMPRINT) | |
| Place of publication, distribution, etc | Boston : |
| Name of publisher, distributor, etc | Pearson, |
| Date of publication, distribution, etc | [2023] |
| 264 #4 - PUBLICATION, DISTRIBUTION, ETC. (IMPRINT) | |
| Date of publication, distribution, etc | c2023 |
| 300 ## - PHYSICAL DESCRIPTION | |
| Extent | 1 volume (various pagings) : |
| Other physical details | color illustrations ; |
| Dimensions | 30 cm |
| 336 ## - CONTENT TYPE | |
| Content type term | text |
| Content type code | txt |
| Source | rdacontent |
| 337 ## - MEDIA TYPE | |
| Media type term | unmediated |
| Media type code | n |
| Source | rdamedia |
| 338 ## - CARRIER TYPE | |
| Carrier type term | volume |
| Carrier type code | nc |
| Source | rdacarrier |
| 500 ## - GENERAL NOTE | |
| General note | Includes index. |
| 500 ## - GENERAL NOTE | |
| General note | Includes Appendices.<br/> |
| 520 ## - SUMMARY, ETC. | |
| Summary, etc | "One of our goals in writing this book was to help make the conceptual approach more interesting and more readily accessible to students. At the end of the course, we want students to look back at their statistics course and realize that they learned practical concepts that will serve them well for the rest of their lives. We also want students to come to appreciate that in practice, assumptions are not perfectly satisfied, models are not exactly correct, distributions are not exactly normally distributed, and different factors should be considered in conducting a statistical analysis. The title of our book reflects the experience of data analysts, who soon realize that statistics is an art as well as a science"-- |
| Assigning source | Provided by publisher. |
| 650 #7 - SUBJECT ADDED ENTRY--TOPICAL TERM | |
| Topical term or geographic name as entry element | Statistics |
| Form subdivision | Textbooks. |
| Source of heading or term | BUEsh |
| 653 ## - INDEX TERM--UNCONTROLLED | |
| Arrived date list | February2025 |
| Resource For college | Engineering, General |
| 655 ## - INDEX TERM--GENRE/FORM | |
| Form subdivision | Reading book |
| 700 1# - ADDED ENTRY--PERSONAL NAME | |
| Personal name | Franklin, Chrstine A., |
| Relator term | author. |
| 700 1# - ADDED ENTRY--PERSONAL NAME | |
| Personal name | Klingenberg, Bernhard, |
| Relator term | author. |
| 906 ## - LOCAL DATA ELEMENT F, LDF (RLIN) | |
| a | 7 |
| b | cbc |
| c | orignew |
| d | 1 |
| e | ecip |
| f | 20 |
| g | y-gencatlg |
| 942 ## - ADDED ENTRY ELEMENTS (KOHA) | |
| Source of classification or shelving scheme | Dewey Decimal Classification |
| Koha item type | Book - Borrowing |
| Withdrawn status | Lost status | Source of classification or shelving scheme | Damaged status | Not for loan | Collection code | Home library | Current library | Shelving location | Date acquired | Source of acquisition | Cost, normal purchase price | Serial Enumeration / chronology | Total Checkouts | Full call number | Barcode | Date last seen | Cost, replacement price | Price effective from | Koha item type |
|---|---|---|---|---|---|---|---|---|---|---|---|---|---|---|---|---|---|---|---|
| Dewey Decimal Classification | Alahram | Central Library | Central Library | First floor | 24/02/2025 | Purchase | 2399.00 | 151 | 519.5 AGR | 000057279 | 15/07/2025 | 2999.00 | 24/02/2025 | Book - Borrowing |